000 00896nac a22002657a 4500
001 BR7904553
003 BR-BrBNA
005 20240105114455.0
008 230509b bl.|||m| |||| 00| 0 por d
040 _aBR-BrBNA
_bpor
_cBiblioteca Nacional de Agricultura
072 _aF00
090 _a1410 BR7904553
100 1 _aLima, V.C.
110 1 _aEmpresa de Assistencia Tecnica e Extensao Rural do Estado de Pernambuco, Recife (Brasil)
245 1 _aCultura do feijao vagem (Paseolus vulgaris)[Pratica cultural]
260 3 _aRecife, PE (Brasil):
_cJul 1979.
300 _a13 p.
490 _aBoletim Tecnico - Empresa de Assistencia Tecnica e Extensao Rural do Estado de Pernambuco (Brazil)
_vno. 24
_x
650 _aProducao vegetal
650 _aFeijao
650 _aVagem
650 _aPratica cultural
909 _a202312
_bLúcia Elande
_c55
_dLúcia Elande
942 _2AGRIS
_n0
_cMS
999 _c269562
_d269562